ARRUPE JESUIT UNIVERSITY

CORONAVIRUS -STOP THE SPREAD - CLEAN,DISINFECT,COVER

Prehistoric painting. (Record no. 128790)

MARC details
000 -LEADER
fixed length control field 00815cam a22002771 4500
001 - CONTROL NUMBER
control field 9761534
003 - CONTROL NUMBER IDENTIFIER
control field ARRUPE
005 - DATE AND TIME OF LATEST TRANSACTION
control field 20190121125010.0
008 - FIXED-LENGTH DATA ELEMENTS--GENERAL INFORMATION
fixed length control field 721215s1948 enka b 000 0 eng
010 ## - LIBRARY OF CONGRESS CONTROL NUMBER
LC control number 49002513
035 ## - SYSTEM CONTROL NUMBER
System control number (OCoLC)518845
040 ## - CATALOGING SOURCE
Original cataloging agency DLC
Transcribing agency OCoD
Modifying agency OCoLC
-- DLC
042 ## - AUTHENTICATION CODE
Authentication code premarc
050 00 - LIBRARY OF CONGRESS CALL NUMBER
Classification number SPC. N5310
Item number .B68
082 ## - DEWEY DECIMAL CLASSIFICATION NUMBER
Classification number 750.901
300 ## - PHYSICAL DESCRIPTION
Other physical details illus. (part col.)
Dimensions 26 cm.
100 1# - MAIN ENTRY--PERSONAL NAME
Personal name Broderick, Alan Houghton.
9 (RLIN) 29672
245 10 - TITLE STATEMENT
Title Prehistoric painting.
Statement of responsibility, etc Alan Houghton Brodrick
260 ## - PUBLICATION, DISTRIBUTION, ETC. (IMPRINT)
Place of publication, distribution, etc [London]
Name of publisher, distributor, etc Avalon Press
Date of publication, distribution, etc [1948]
300 ## - PHYSICAL DESCRIPTION
Extent 55 p. ;
440 #0 - SERIES STATEMENT/ADDED ENTRY--TITLE
Title Discussions on art
9 (RLIN) 44048
504 ## - BIBLIOGRAPHY, ETC. NOTE
Bibliography, etc "Short bibliography": 1 p. at end.
650 #0 - SUBJECT ADDED ENTRY--TOPICAL TERM
Topical term or geographic name as entry element Art, Primitive.
9 (RLIN) 9543
650 #0 - SUBJECT ADDED ENTRY--TOPICAL TERM
Topical term or geographic name as entry element Painting.
9 (RLIN) 13481
906 ## - LOCAL DATA ELEMENT F, LDF (RLIN)
a 7
b cbc
c oclcrpl
d u
e ncip
f 19
g y-gencatlg
942 ## - ADDED ENTRY ELEMENTS (KOHA)
Source of classification or shelving scheme Library of Congress Classification
Koha item type SPC
Holdings
Withdrawn status Lost status Source of classification or shelving scheme Damaged status Not for loan Collection code Home library Current library Shelving location Date acquired Total Checkouts Full call number Barcode Date last seen Price effective from Koha item type
    Library of Congress Classification     SPECIAL Collection ARRUPE LIBRARY ARRUPE LIBRARY REFERENCE 21/01/2019   SPC. N5310 .B68 46600002428 21/01/2019 21/01/2019 SPC

 

Arrupe Library. PO Box MP320 Mt Pleasant, Harare, Zimbabwe
263 242 745411|librarian@aju.ac.zw